| Tag |
First Indicator |
Second Indicator |
Subfields |
| LEADER |
00000cam a2200000 a 4500 |
| 001 |
in00001406086 |
| 005 |
20151020072409.0 |
| 008 |
970710s1998 gw a b 001 0 eng |
| 010 |
|
|
|a 97026698
|
| 020 |
|
|
|a 1570595054 (alk. paper)
|
| 020 |
|
|
|a 3540634495 (alk. paper)
|
| 035 |
|
|
|a (OCoLC)37341253
|
| 035 |
|
|
|9 AHQ2824AM
|
| 040 |
|
|
|a DLC
|c DLC
|d TXA
|d UtOrBLW
|
| 049 |
|
|
|a TXAM
|
| 050 |
0 |
0 |
|a QH541.15.M3
|b M614 1998
|
| 082 |
0 |
0 |
|a 577/.01/51
|2 21
|
| 245 |
0 |
0 |
|a Modeling spatiotemporal dynamics in ecology /
|c Jordi Bascompte, Ricard V. Solé (eds.).
|
| 264 |
|
1 |
|a Berlin ;
|a New York :
|b Springer ;
|a Georgetown, TX :
|b Landes Bioscience,
|c [1998]
|
| 264 |
|
4 |
|c ©1998
|
| 300 |
|
|
|a 230 pages :
|b illustrations (some color) ;
|c 25 cm.
|
| 336 |
|
|
|a text
|b txt
|2 rdacontent
|
| 337 |
|
|
|a unmediated
|b n
|2 rdamedia
|
| 338 |
|
|
|a volume
|b nc
|2 rdacarrier
|
| 504 |
|
|
|a Includes bibliographical references and index.
|
| 650 |
|
0 |
|a Ecology
|x Mathematical models.
|
| 650 |
|
0 |
|a Population biology
|x Mathematical models.
|
| 650 |
|
0 |
|a Spatial ecology
|x Mathematical models.
|
| 700 |
1 |
|
|a Bascompte, Jordi,
|d 1967-
|
| 700 |
1 |
|
|a Solé, Ricard V.,
|d 1962-
|
| 948 |
|
|
|a c:cer
|
| 999 |
|
|
|a MARS
|
| 999 |
f |
f |
|s c88bbdab-21bc-390a-a395-6d9d674e775e
|i 0345c140-635e-3841-bb4c-48193322674d
|t 0
|
| 952 |
f |
f |
|p normal
|a Texas A&M University
|b College Station
|c Sterling C. Evans Library
|d Evans: Library Stacks
|t 0
|e QH541.15.M3 M614 1998
|h Library of Congress classification
|i unmediated -- volume
|m A14822563990
|
| 998 |
f |
f |
|a QH541.15.M3 M614 1998
|t 0
|l Evans: Library Stacks
|